Fundamentals of securities regulation / (Record no. 504)

000 -LEADER
fixed length control field 00986cam a2200289 a 4500
001 - CONTROL NUMBER
control field 13344862
005 - DATE AND TIME OF LATEST TRANSACTION
control field 20140116120829.0
008 - FIXED-LENGTH DATA ELEMENTS--GENERAL INFORMATION
fixed length control field 030916s2004 nyu b 001 0 eng
020 ## - INTERNATIONAL STANDARD BOOK NUMBER
International Standard Book Number 9780735541993
040 ## - CATALOGING SOURCE
Original cataloging agency DLC
Transcribing agency DLC
043 ## - GEOGRAPHIC AREA CODE
Geographic area code n-us---
050 00 - LIBRARY OF CONGRESS CALL NUMBER
Classification number KF1439.L68 2004
100 1# - MAIN ENTRY--PERSONAL NAME
Personal name Loss, Louis.
245 10 - TITLE STATEMENT
Title Fundamentals of securities regulation /
Statement of responsibility, etc Louis Loss and Joel Seligman.
246 30 - VARYING FORM OF TITLE
Title proper/short title Securities regulation
250 ## - EDITION STATEMENT
Edition statement 5th ed.
260 ## - PUBLICATION, DISTRIBUTION, ETC. (IMPRINT)
Place of publication, distribution, etc Austin :
Name of publisher, distributor, etc Wolters Kluwer,
Date of publication, distribution, etc 2004.
300 ## - PHYSICAL DESCRIPTION
Extent xxxvi, 1602 p.
504 ## - BIBLIOGRAPHY, ETC. NOTE
Bibliography, etc Includes bibliographical references and index.
525 ## - SUPPLEMENT NOTE
Supplement note Kept up to date by supplement.
650 #0 - SUBJECT ADDED ENTRY--TOPICAL TERM
Topical term or geographic name as entry element Securities
Geographic subdivision United States.
650 #0 - SUBJECT ADDED ENTRY--TOPICAL TERM
Topical term or geographic name as entry element Corporations
General subdivision Finance
-- Law and legislation
Geographic subdivision United States.
700 1# - ADDED ENTRY--PERSONAL NAME
Personal name Seligman, Joel.
906 ## - LOCAL DATA ELEMENT F, LDF (RLIN)
a 7
b cbc
c orignew
d 1
e ocip
f 20
g y-gencatlg
942 ## - ADDED ENTRY ELEMENTS (KOHA)
Source of classification or shelving scheme
Item type Book
Holdings
Withdrawn status Lost status Source of classification or shelving scheme Damaged status Not for loan Home library Current library Date acquired Source of acquisition Total Checkouts Full call number Barcode Date last seen Copy number Price effective from Koha item type Date last borrowed
          Riara University Library Riara University Library 21/10/2011 Purchase   KF1439.L68 2004 783/11 21/10/2011 C.1 21/10/2011 Book  
          Riara University Library Riara University Library 21/10/2011 Purchase 1 KF1439.L68 2004 782/11 26/07/2016 C.2 21/10/2011 Book 18/07/2016
          Riara University Library Riara University Library 21/10/2011 Purchase 1 KF1439.L68 2004 784/11 22/05/2017 C.3 21/10/2011 Book 05/05/2017

Riara University Library,
P.O. Box 49940-00100,
Nairobi, Kenya.